NFL Quarterbacks' Alma Maters - Statistics

General Stats
  • This quiz has been taken 270 times
    260 since last reset
  • The average score is 21 of 24
Answer Stats
QB #1 QB #2 QB #3 College % Correct
Bart Starr Joe Namath Tua Tagovailoa Alabama
100%
Jim Harbaugh Elvis Grbac Tom Brady Michigan
99%
Y.A. Tittle Bert Jones Joe Burrow LSU
96%
Johnny Unitas Teddy Bridgewater Lamar Jackson Louisville
95%
Norm Van Brocklin Dan Fouts Justin Herbert Oregon
95%
Steve Spurrier Rex Grossman Tim Tebow Florida
94%
Sam Bradford Baker Mayfield Jalen Hurts Oklahoma
94%
Joe Kapp Aaron Rodgers Jared Goff California
93%
Matt Cavanaugh Dan Marino Kenny Pickett Pittsburgh
93%
Pat Ryan Heath Shuler Peyton Manning Tennessee
93%
Rodney Peete Carson Palmer Mark Sanchez USC
91%
Charlie Conerly Archie Manning Eli Manning Ole Miss
90%
Bobby Layne Vince Young Colt McCoy Texas
88%
John Brodie John Elway Andrew Luck Stanford
86%
Bob Waterfield Billy Kilmer Troy Aikman UCLA
85%
Doug Flutie Matt Hasselbeck Matt Ryan Boston College
84%
Zeke Bratkowski Fran Tarkenton Matthew Stafford Georgia
84%
Daryle Lamonica Joe Theismann Joe Montana Notre Dame
84%
Len Dawson Bob Griese Drew Brees Purdue
83%
Jim Kelly Bernie Kosar Vinnie Testaverde Miami, FL
77%
Jim McMahon Steve Young Ty Detmer BYU
73%
Roman Gabriel Philip Rivers Russell Wilson N.C. State
73%
Warren Moon Chris Chandler Mark Brunell Washington
65%
Mark Rypien Drew Bledsoe Ryan Leaf Washington St.
60%
No matching quizzes found
Score Distribution
Percent of People with Each Score
Percentile by Number Answered
Your Score History
You have not taken this quiz since the last reset